<?xml version="1.0" encoding="UTF-8"?>
<collection xmlns="http://www.loc.gov/MARC21/slim">
 <record>
  <leader>02457nam a2200385 a 4500</leader>
  <controlfield tag="001">TVCDKTCT14005</controlfield>
  <controlfield tag="003">Thư viện trường Cao đẳng Kỹ thuật Cao Thắng</controlfield>
  <controlfield tag="005">20220930135109.000</controlfield>
  <controlfield tag="008">121130</controlfield>
  <datafield tag="980" ind1="\" ind2="\">
   <subfield code="a">Thư viện Trường CĐ Kỹ Thuật Cao Thắng</subfield>
  </datafield>
  <datafield tag="024" ind1=" " ind2=" ">
   <subfield code="a">RG_1 #1 eb0 i1</subfield>
  </datafield>
  <datafield tag="041" ind1="0" ind2="#">
   <subfield code="a">vie</subfield>
  </datafield>
  <datafield tag="082" ind1="#" ind2="#">
   <subfield code="a">621.381 / </subfield>
   <subfield code="b">G301T-n</subfield>
  </datafield>
  <datafield tag="100" ind1="1" ind2="#">
   <subfield code="a">Nguyễn Hữu Khái</subfield>
  </datafield>
  <datafield tag="245" ind1="0" ind2="0">
   <subfield code="a">Giáo trình nhà máy điện và trạm biến áp / </subfield>
   <subfield code="c">Nguyễn Hữu Khái</subfield>
  </datafield>
  <datafield tag="260" ind1="#" ind2="#">
   <subfield code="a">H. : </subfield>
   <subfield code="b">Giáo Dục Việt Nam , </subfield>
   <subfield code="c">2011</subfield>
  </datafield>
  <datafield tag="300" ind1="#" ind2="#">
   <subfield code="a">287tr. ; </subfield>
   <subfield code="c">24cm</subfield>
  </datafield>
  <datafield tag="520" ind1="#" ind2="#">
   <subfield code="a">Chương 1: Khái niệm chung về hà máy điện và trạm biến áp</subfield>
  </datafield>
  <datafield tag="520" ind1="#" ind2="#">
   <subfield code="a">Chương 2: Sự phát nóng của dây dẫn và khí cụ điện</subfield>
  </datafield>
  <datafield tag="520" ind1="#" ind2="#">
   <subfield code="a">Chương 3: Lực động điện trong khí cụ điện và dây dẫn</subfield>
  </datafield>
  <datafield tag="520" ind1="#" ind2="#">
   <subfield code="a">Chương 4: Thanh dẫn - sứ cách điện - cáp điện lực</subfield>
  </datafield>
  <datafield tag="520" ind1="#" ind2="#">
   <subfield code="a">Chương 5: Thiết bị điện cao áp</subfield>
  </datafield>
  <datafield tag="520" ind1="#" ind2="#">
   <subfield code="a">Chương 6: Máy biến áp điện lực</subfield>
  </datafield>
  <datafield tag="520" ind1="#" ind2="#">
   <subfield code="a">Chương 7: Sơ đồ nối điện và tự dùng của nhà máy điện và trạm biến áp</subfield>
  </datafield>
  <datafield tag="520" ind1="#" ind2="#">
   <subfield code="a">Chương 8: Thiết bị phân phối điện</subfield>
  </datafield>
  <datafield tag="520" ind1="#" ind2="#">
   <subfield code="a">Chương 9: Hệ thống điều khiển và kiểm tra</subfield>
  </datafield>
  <datafield tag="520" ind1="#" ind2="#">
   <subfield code="a">Cuốn sách gồm 9 chương :</subfield>
  </datafield>
  <datafield tag="520" ind1="#" ind2="#">
   <subfield code="a">Sách được biên soạn dựa trên kinh nghiệm giảng dạy, nghiên cứu, hướng dẫn thiết kế tốt nghiệp nhiều năm ở bậc đại học; dùng để giảng dạy cho sinh viên chuyên ngành hệ thống điện, ngành kỹ thuật điện thuộc hệ chính quy, hệ tại chức các trường Đại học, Cao đẳng. Sách cũng có thể làm tài liệu tham khảo bổ ích cho các kỹ sư, cán bộ kỹ thuật hiện đang công tác trong các lĩnh vực của ngành điện và các sinh viên ngành điện nói chung.</subfield>
  </datafield>
  <datafield tag="650" ind1="#" ind2="4">
   <subfield code="a">Máy điện</subfield>
  </datafield>
  <datafield tag="650" ind1="#" ind2="4">
   <subfield code="a">Nhà máy điện</subfield>
  </datafield>
  <datafield tag="653" ind1="#" ind2="#">
   <subfield code="a">Electric Machines</subfield>
  </datafield>
  <datafield tag="653" ind1="#" ind2="#">
   <subfield code="a">Industrial Electrical Engineering</subfield>
  </datafield>
  <datafield tag="721" ind1="#" ind2="#">
   <subfield code="a">CNKT Điện tử</subfield>
  </datafield>
  <datafield tag="721" ind1="#" ind2="#">
   <subfield code="a">CNKT Điện</subfield>
  </datafield>
  <datafield tag="841" ind1="#" ind2="#">
   <subfield code="b">Kho Sách </subfield>
   <subfield code="j">100040848, 100040849, 100040850, 100040851</subfield>
  </datafield>
 </record>
</collection>
